000
00321 a2200133 4500
000
nam a22 7a 4500
100
_a
Verma, Amit S
110
_a
Verma, Amit S
245
_a
Ambedkar aur samaj
250
_a
Latest edition
260
_b
Venus Publications
_c
2025
264
_b
Venus Publications
_c
2025
942
_c
BK
999
_c
394270
_d
394270